[Event "Portugal Open 2020"]
[Site "Lisbon"]
[Date "2020.01.25"]
[Round "1.22"]
[White "Savanovic, Aleksandar"]
[Black "Trinkl, Stefan"]
[Result "1-0"]
[WhiteElo "2414"]
[BlackElo "1814"]
[Annotator "NA RC"]
[PlyCount "42"]
[EventDate "2020.01.25"]
[EventType "swiss"]
[EventCountry "POR"]
[SourceTitle "playchess.com"]
[Source "ChessBase"]
[SourceQuality "1"]
[TimeControl "5400+30"]

1. e4 {[%emt 0:00:00]} c6 {[%emt 0:00:00]} 2. d4 {[%emt 0:00:00]} d5 {[%emt 0:00:00]} 3. Nc3 {[%emt 0:00:00]} dxe4 {[%emt 0:00:03]} 4. Nxe4 {[%emt 0:00:00]} Nf6 {[%emt 0:00:16]} 5. Nxf6+ {[%emt 0:00:03]} exf6 {[%emt 0:00:11]} 6. c3 {[%emt 0:00:05]} Bd6 {[%emt 0:00:19]} 7. Bd3 {[%emt 0:00:07]} O-O {[%emt 0:00:18]} 8. Qc2 {[%emt 0:00:07]} Re8+ {[%emt 0:03:09]} 9. Ne2 {[%emt 0:00:07]} h6 {[%emt 0:00:20]} 10. O-O {[%emt 0:00:09]} Nd7 {[%emt 0:00:28]} 11. Bf4 {[%emt 0:09:42]} Nf8 {[%emt 0:05:27]} 12. Bxd6 {[%emt 0:02:05]} Qxd6 {[%emt 0:00:10]} 13. Rfe1 {[%emt 0:02:38]} Ne6 {[%emt 0:09:53]} 14. Ng3 {[%emt 0:07:30]} Qf8 {[%emt 0:02:54]} 15. Nh5 {[%emt 0:12:05]} Bd7 {[%emt 0:07:17]} 16. Re3 {[%emt 0:01:56]} Qe7 {[%emt 0:01:42]} 17. Rg3 {[%emt 0:10:32]} Kh8 {[%emt 0:01:54]} 18. Nxg7 {[%emt 0:01:24]} Nxg7 {[%emt 0:01:53]} 19. Qd2 {[%emt 0:00:24]} Nf5 {[%emt 0:00:38]} 20. Bxf5 {[%emt 0:00:19]} Bxf5 {[%emt 0:00:19]} 21. Qxh6+ {[%emt 0:00:06]} Bh7 {[%emt 0:00:46]} 1-0

[Event "Portugal Open 2020"]
[Site "Lisbon"]
[Date "2020.01.25"]
[Round "1.23"]
[White "Elias, Benjamim"]
[Black "Goluch, Piotr"]
[Result "0-1"]
[WhiteElo "1807"]
[BlackElo "2413"]
[Annotator "TA"]
[PlyCount "95"]
[EventDate "2020.01.25"]
[EventType "swiss"]
[EventCountry "POR"]
[SourceTitle "playchess.com"]
[Source "ChessBase"]
[SourceQuality "1"]

{[%evp 14,95,-14,-64,-47,-75,-59,-86,-64,-58,-64,-117,-109,-127,-123,-135,-110,-113,-102,-126,-131,-127,-117,-153,-154,-164,-176,-158,-159,-170,-141,-166,-79,-234,-225,-292,-254,-250,-239,-211,-81,-137,-130,-124,-106,-219,-141,-202,-206,-218,-218,-276,-272,-384,-370,-558,-263,-244,-252,-250,-236,-333,-362,-497,-420,-600,-454,-418,-334,-394,-338,-313,0,-584,-580,-541,-517,-504,-482,-747,-762,-1128,-1044,-1151]} 1. f4 d5 2. c3 c5 3. d3 Nf6 4. g3 Nc6 5. Nf3 g6 6. Bg2 Bg7 7. O-O O-O 8. Kh1 Re8 {A03: Bird's Opening with 1...d5} 9. Be3 (9. Na3 h6 10. Qc2 e5 11. e4 c4 12. fxe5 cxd3 13. Qxd3 Nxe4 14. Bf4 g5 15. Be3 g4 16. Nd4 Nxe5 {1-0 (60) Alvarado Diaz,A (2394)-Ramos Aguilar,J (2101) San Cristobal de La Laguna 2018}) 9... b6 10. Bg1 Bb7 $146 {Black is better.} ({Predecessor:} 10... Qc7 11. Nbd2 e5 12. fxe5 Nxe5 13. Nxe5 Qxe5 14. e4 dxe4 15. Nxe4 Nxe4 16. Bxe4 {½-½ (47) Sattarov,B (2054)-Golubev,R (2156) Tashkent 2011}) 11. Nbd2 Qc7 12. Re1 (12. d4 $15) 12... e5 $17 13. fxe5 Nxe5 14. Rc1 Neg4 15. Nf1 Bh6 16. Rc2 Re6 17. e3 Rae8 $36 {[%mdl 2048] Keeping White busy.} 18. Qc1 Nh5 19. Rce2 f5 20. h3 Ngf6 21. Bh2 {and if g4 works, White does fine.} Qe7 22. Qc2 g5 (22... Qd8 $19 {is more deadly.} 23. Qa4 Qc8) 23. Ng1 $2 (23. d4 $17) 23... g4 $19 24. b3 gxh3 25. Nxh3 Ng4 26. d4 Rf8 (26... Nxh2 $19 {has better winning chances.} 27. Kxh2 {[#]} f4 $1 {[%mdl 512]} 28. gxf4 Nxf4 $1 {[%mdl 512]} 29. Nxf4 Bxf4+ 30. exf4 Rxe2 31. Rxe2 Qxe2) 27. Bf3 (27. dxc5 $142 bxc5 28. Nf4 Nxf4 29. exf4 Nf2+ {[%mdl 64] Pin} 30. Kg1) 27... Qf7 28. Bg1 Ree8 29. Bh2 (29. Nf4 $17 {was called for.}) 29... Kh8 30. Qd3 (30. Nf4 $17) 30... c4 31. Qc2 cxb3 32. axb3 Ba6 33. Bxg4 (33. Nf4 {might work better.} Bxf4 34. gxf4) 33... fxg4 34. Rf2 (34. Nf4 $142) 34... Nf6 ({Worse is} 34... gxh3 35. Rxf7 Rxf7 36. c4 $11) (34... Qe7 $142 35. Ng1 Rxf2 36. Qxf2 Bd3) 35. Nf4 Ne4 36. Rg2 Qf5 37. Qa2 (37. Qc1 $142) 37... Bxf4 38. Qxa6 Bb8 39. Qa1 (39. Kg1 $142 Nxc3 40. Nd2) 39... Nf2+ 40. Kg1 Nh3+ 41. Kh1 Ng5 42. Qb1 Ne4 $2 (42... Qf7 $19 43. Qc2 Qh5) 43. Qc1 $2 {[%mdl 8192]} (43. Qa1 $1 $11 Qh5 44. Kg1) 43... Qh5 {Black is clearly winning.} 44. Kg1 Re6 45. c4 Rh6 46. Qc2 (46. cxd5 $142 Bd6 47. Qc2 Qxd5 48. Qc4) 46... Rhf6 {Hoping for ...Ng5.} 47. cxd5 Ng5 (47... Qxd5 $2 48. Nd2 $19) 48. Qe2 {Accuracy: White = 30%, Black = 57%.} 0-1

[Event "Portugal Open 2020"]
[Site "Lisbon"]
[Date "2020.01.25"]
[Round "1.24"]
[White "Sousa, Andre Ventura"]
[Black "Avelino, Camila Biscaya"]
[Result "1-0"]
[WhiteElo "2391"]
[BlackElo "1802"]
[Annotator "NA RC"]
[PlyCount "53"]
[EventDate "2020.01.25"]
[EventType "swiss"]
[EventCountry "POR"]
[SourceTitle "playchess.com"]
[Source "ChessBase"]
[SourceQuality "1"]
[TimeControl "5400+30"]

1. Nf3 {[%emt 0:00:00]} Nf6 {[%emt 0:00:00]} 2. g3 {[%emt 0:00:13]} g6 {[%emt 0:00:27]} 3. Bg2 {[%emt 0:00:48]} Bg7 {[%emt 0:00:40]} 4. O-O {[%emt 0:00:13]} O-O {[%emt 0:00:33]} 5. d4 {[%emt 0:00:25]} d6 {[%emt 0:00:48]} 6. Nc3 {[%emt 0:00:06]} Nbd7 {[%emt 0:01:10]} 7. e4 {[%emt 0:00:49]} e5 {[%emt 0:11:44]} 8. h3 {[%emt 0:03:25]} exd4 {[%emt 0:09:42]} 9. Nxd4 {[%emt 0:00:07]} Nc5 {[%emt 0:03:42]} 10. Bf4 {[%emt 0:03:27]} Ne6 {[%emt 0:16:18]} 11. Nxe6 {[%emt 0:01:01]} fxe6 {[%emt 0:00:07]} 12. Qd2 {[%emt 0:16:26]} Nh5 {[%emt 0:03:39]} 13. Bg5 {[%emt 0:04:35]} Bf6 {[%emt 0:03:50]} 14. Bh6 {[%emt 0:01:29]} Bg7 {[%emt 0:00:37]} 15. Bg5 {[%emt 0:00:47]} Bf6 {[%emt 0:00:41]} 16. Be3 {[%emt 0:00:04]} e5 {[%emt 0:02:57]} 17. Nd5 {[%emt 0:00:39]} Bg7 {[%emt 0:00:33]} 18. Bg5 {[%emt 0:04:49]} Nf6 {[%emt 0:02:20]} 19. f4 {[%emt 0:02:11]} Be6 {[%emt 0:11:37]} 20. fxe5 {[%emt 0:01:30]} dxe5 {[%emt 0:04:05]} 21. Nxf6+ {[%emt 0:01:17]} Bxf6 {[%emt 0:00:21]} 22. Rxf6 {[%emt 0:00:11]} Rxf6 {[%emt 0:02:56]} 23. Qxd8+ {[%emt 0:00:04]} Rxd8 {[%emt 0:00:07]} 24. Bxf6 {[%emt 0:00:03]} Rd2 {[%emt 0:00:29]} 25. Rc1 {[%emt 0:01:10]} Bxa2 {[%emt 0:02:48]} 26. b3 {[%emt 0:00:08]} a5 {[%emt 0:00:05]} 27. Bg5 {[%emt 0:00:34]} 1-0

[Event "Portugal Open 2020"]
[Site "Lisbon"]
[Date "2020.01.25"]
[Round "1.25"]
[White "Curado, Manuel Joao Ferro"]
[Black "Vasli, Aref"]
[Result "0-1"]
[WhiteElo "1797"]
[BlackElo "2391"]
[Annotator "NA"]
[PlyCount "42"]
[EventDate "2020.01.25"]
[EventType "swiss"]
[EventCountry "POR"]
[SourceTitle "playchess.com"]
[Source "ChessBase"]
[SourceQuality "1"]
[TimeControl "5400+30"]

1. e4 {[%emt 0:00:00]} e5 {[%emt 0:00:00]} 2. Nf3 {[%emt 0:00:00]} Nc6 {[%emt 0:00:00]} 3. d4 {[%emt 0:00:41]} exd4 {[%emt 0:00:03]} 4. Nxd4 {[%emt 0:00:15]} Bc5 {[%emt 0:00:03]} 5. Be3 {[%emt 0:00:57]} Qf6 {[%emt 0:00:15]} 6. c3 {[%emt 0:01:46]} Nge7 {[%emt 0:00:11]} 7. Be2 {[%emt 0:10:35]} O-O {[%emt 0:03:12]} 8. O-O {[%emt 0:01:01]} d6 {[%emt 0:01:01]} 9. Kh1 {[%emt 0:12:46]} Bb6 {[%emt 0:04:47]} 10. Qd2 {[%emt 0:03:18]} Bd7 {[%emt 0:06:04]} 11. Na3 {[%emt 0:03:08]} Qg6 {[%emt 0:01:53]} 12. f3 {[%emt 0:05:53]} d5 {[%emt 0:09:41]} 13. Ndc2 {[%emt 0:18:27]} Be6 {[%emt 0:02:46]} 14. Bxb6 {[%emt 0:10:00]} axb6 {[%emt 0:00:11]} 15. exd5 {[%emt 0:01:07]} Nxd5 {[%emt 0:00:31]} 16. Nb5 {[%emt 0:03:27]} Rad8 {[%emt 0:03:13]} 17. Nbd4 {[%emt 0:03:40]} Nxd4 {[%emt 0:00:41]} 18. Nxd4 {[%emt 0:00:03]} Bc8 {[%emt 0:02:17]} 19. f4 {[%emt 0:13:09]} c5 {[%emt 0:02:23]} 20. Bd3 {[%emt 0:07:14]} Qh6 {[%emt 0:01:26]} 21. Ne2 {[%emt 0:01:35]} Nf6 {[%emt 0:01:17]} 0-1

[Event "Portugal Open 2020"]
[Site "Lisbon"]
[Date "2020.01.25"]
[Round "1.26"]
[White "Alshameary Puente, Ismael"]
[Black "Terwagne, Bertrand"]
[Result "1-0"]
[WhiteElo "2385"]
[BlackElo "1796"]
[Annotator "NA"]
[PlyCount "43"]
[EventDate "2020.01.25"]
[EventType "swiss"]
[EventCountry "POR"]
[SourceTitle "playchess.com"]
[Source "ChessBase"]
[SourceQuality "1"]
[TimeControl "5400+30"]

1. d4 {[%emt 0:00:00]} Nf6 {[%emt 0:00:00]} 2. c4 {[%emt 0:00:00]} e6 {[%emt 0:00:00]} 3. Nc3 {[%emt 0:00:00]} d5 {[%emt 0:00:00]} 4. cxd5 {[%emt 0:00:00]} Nxd5 {[%emt 0:00:21]} 5. e4 {[%emt 0:00:06]} Nxc3 {[%emt 0:00:10]} 6. bxc3 {[%emt 0:00:03]} c5 {[%emt 0:00:15]} 7. Rb1 {[%emt 0:00:24]} g6 {[%emt 0:06:46]} 8. h4 {[%emt 0:02:04]} cxd4 {[%emt 0:11:35]} 9. cxd4 {[%emt 0:00:42]} Bg7 {[%emt 0:00:29]} 10. Nf3 {[%emt 0:04:42]} Nc6 {[%emt 0:08:42]} 11. Bb5 {[%emt 0:01:18]} O-O {[%emt 0:01:22]} 12. Be3 {[%emt 0:04:22]} Qc7 {[%emt 0:13:47]} 13. Qc1 {[%emt 0:03:04]} Qd6 {[%emt 0:07:22]} 14. e5 {[%emt 0:01:25]} Qc7 {[%emt 0:05:22]} 15. Bh6 {[%emt 0:02:49]} Qa5+ {[%emt 0:22:15]} 16. Kf1 {[%emt 0:01:39]} f6 {[%emt 0:07:16]} 17. Bxg7 {[%emt 0:00:50]} Kxg7 {[%emt 0:00:24]} 18. h5 {[%emt 0:00:18]} gxh5 {[%emt 0:06:14]} 19. Rxh5 {[%emt 0:00:20]} Qxa2 {[%emt 0:02:11]} 20. Qh6+ {[%emt 0:07:43]} Kf7 {[%emt 0:00:10]} 21. Rc1 {[%emt 0:00:11]} Ke7 {[%emt 0:03:01]} 22. Qg7+ {[%emt 0:00:44]} 1-0

[Event "Portugal Open 2020"]
[Site "Lisbon"]
[Date "2020.01.25"]
[Round "1.27"]
[White "Santos, Isabel Pereira Dos"]
[Black "Sarkar, Justin"]
[Result "0-1"]
[WhiteElo "1782"]
[BlackElo "2385"]
[Annotator "TA RC"]
[PlyCount "54"]
[EventDate "2020.01.25"]
[EventType "swiss"]
[EventCountry "POR"]
[SourceTitle "playchess.com"]
[Source "ChessBase"]
[SourceQuality "1"]

{[%evp 15,61,2,12,6,18,0,8,-18,0,-79,-26,-83,-45,-33,-40,-87,-79,-222,-214,-316,-313,-297,-317,-319,-320,-387,-360,-343,-314,-438,-342,-342,-340,-339,-331,-319,-317,-338,-319,-325,-317,-312,-307,-332,-306,-584,-587,-29999]} 1. d4 d5 2. c4 dxc4 3. Nf3 a6 4. a4 Nc6 5. e3 Bg4 6. Bxc4 e6 7. O-O Nf6 8. Nc3 Bd6 9. h3 {D24: Queen's Gambit Accepted: 3 Nf3 Nf6 4 Nc3} Bh5 10. Re1 (10. Be2 O-O 11. Nd2 Bxe2 12. Qxe2 e5 13. d5 Nb4 14. e4 Nc2 15. Rb1 Nd4 16. Qd3 Nd7 17. Nc4 Nc5 18. Qd1 b5 19. Nxd6 cxd6 {½-½ (68) Aravindh,C (2605)-Alekseenko,K (2704) Moscow 2019}) 10... O-O 11. Be2 {The position is equal.} Qe7 12. Qc2 $146 (12. e4 $11 Bxf3 13. Bxf3) ({Predecessor:} 12. e4 Bxf3 13. Bxf3 Rad8 14. Nd5 exd5 15. exd5 Ne5 16. dxe5 Bxe5 {½-½ (37) Yangutov,A (2157)-Savitskiy,S (2418) St Petersburg 2019}) 12... Rad8 (12... Bg6 $17 13. e4 Nb4) 13. b3 (13. Bd2 $11) 13... e5 14. dxe5 Nxe5 15. Nd4 {[#]} Bg6 $1 $36 {[%cal Rg6c2][%mdl 2048] White is under strong pressure.} 16. Qb2 (16. Nf5 $17 Qe6 17. e4 Nxe4 18. Nd4 Nxc3 19. Qxc3) 16... c5 $19 17. Nf3 (17. Nc2 $142) 17... Nxf3+ 18. Bxf3 Be5 19. Bd2 {[#]} b5 $1 {[%mdl 512] Strongly threatening ...b4.} 20. axb5 axb5 21. Qa2 b4 22. Ne2 Bxa1 23. Rxa1 Ne4 24. Be1 Ng5 25. Bc6 Qf6 26. Bb5 Be4 27. f4 Ne6 {Played: Rd8-a8} 0-1

[Event "Portugal Open 2020"]
[Site "Lisbon"]
[Date "2020.01.25"]
[Round "1.28"]
[White "Bashirli, Nail"]
[Black "Fielding, Michael"]
[Result "1-0"]
[WhiteElo "2379"]
[BlackElo "1781"]
[Annotator "TA"]
[PlyCount "63"]
[EventDate "2020.01.25"]
[EventType "swiss"]
[EventCountry "POR"]
[SourceTitle "playchess.com"]
[Source "ChessBase"]
[SourceQuality "1"]

{[%evp 15,63,35,32,-50,-35,-45,-42,-112,-90,-158,-154,-150,-44,-96,-81,-116,-92,-147,-64,-81,-71,-60,-68,-117,-115,-150,-62,-78,-91,-141,0,3,400,409,403,403,390,384,600,329,401,285,443,331,548,554,1418,1013,924,879]} 1. e4 c6 2. Nc3 d5 3. Nf3 Bg4 4. h3 Bh5 5. exd5 cxd5 6. g4 Bg6 7. Ne5 Nc6 8. Bb5 Rc8 9. Qf3 {B11: Caro-Kann: Two Knights Variation} ({Much weaker is} 9. Nxg6 hxg6 10. d4 e6 $15) ({Better is} 9. d4 $14) (9. d4 e6 10. Qe2 Bd6 11. Nxg6 hxg6 12. Nxd5 Kf8 13. Bxc6 Rxc6 14. Ne3 Nf6 15. Bd2 Qb6 16. O-O-O Qxd4 17. Kb1 Ne4 18. Bc1 Nc3+ 19. bxc3 {0-1 (54) Savchenko,B (2577)-Suleymanli,A (2473) Moscow 2019}) 9... e6 $15 10. h4 Bd6 11. Nxc6 $146 (11. h5 $15 Bxe5 12. hxg6 fxg6 13. Qe3) ({Predecessor:} 11. d4 Bxe5 12. dxe5 d4 13. Bxc6+ Rxc6 14. Ne4 Qd5 15. Ng5 Qxe5+ 16. Kf1 Nf6 {0-1 (32) Forero,J (1809)-Castaneda,V (1849) Bogota 2017}) 11... bxc6 $17 12. Be2 (12. Bd3 $142) 12... h5 ({Don't take} 12... Bxc2 13. d3 $17) 13. d3 Qf6 (13... Qb6 $17 14. Qg2 Nf6) 14. Qg2 ({White should play} 14. Qxf6 $15 Nxf6 15. g5) 14... hxg4 15. Bg5 Qd4 16. Bxg4 (16. Qxg4 $142 Qxg4 17. Bxg4) 16... Qe5+ (16... Nf6 $17 17. Bd1 Rb8) 17. Kf1 {Hoping for Re1.} Nf6 18. Re1 Qd4 19. Bxf6 Qxf6 20. Rh3 {Rf3 is the strong threat.} Kd8 ({Black should try} 20... Bh7 $17 21. Na4 Rb8) 21. Rf3 Bf5 22. h5 {[#] intending Ne4!} Kc7 {[#]} (22... g6 $1 $17 23. a3 Kd7) 23. Ne4 $1 $36 {[%cal Re4f6][%mdl 2560] White has some pressure.} Qe7 $2 {[%mdl 8192]} (23... dxe4 $11 24. dxe4 g6 25. exf5 exf5) 24. Nxd6 $18 Qxd6 25. Bxf5 exf5 26. Qxg7 Qd7 (26... Qf8 $142 27. Qf6 Rh6 28. Qxf5 Kb7) 27. Qe5+ Kb6 28. Qxf5 Qd6 (28... Qxf5 {might work better.} 29. Rxf5 Rh7) 29. Qe5 Qd7 $2 (29... Qxe5 30. Rxe5 Rh7) 30. Qd4+ {White is clearly winning.} Ka6 31. Qa4+ Kb7 32. Qb4+ {Accuracy: White = 31%, Black = 29%.} 1-0

[Event "Portugal Open 2020"]
[Site "Lisbon"]
[Date "2020.01.25"]
[Round "1.29"]
[White "Chavez Dulce, Angie"]
[Black "Loeffler, Stefan"]
[Result "0-1"]
[WhiteElo "1771"]
[BlackElo "2376"]
[Annotator "TA"]
[PlyCount "52"]
[EventDate "2020.01.25"]
[EventType "swiss"]
[EventCountry "POR"]
[SourceTitle "playchess.com"]
[Source "ChessBase"]
[SourceQuality "1"]

{[%evp 11,78,8,14,8,20,18,25,22,23,12,14,-25,-17,-25,-25,-21,29,0,0,0,0,-52,-12,-183,-191,-173,-195,-191,-168,-175,-143,-249,-160,-196,-189,-200,-179,-185,-191,-185,-176,-194,-202,-143,-66,-65,-66,-325,-268,-262,-277,-268,-266,-266,-270,-270,-272,-324,-299,-392,-397,-470,-477,-450,-423,-464,-478,-443,-399]} 1. e4 c5 2. Nf3 Nc6 3. d4 cxd4 4. Nxd4 Qb6 5. c3 Nf6 6. Nxc6 dxc6 7. Qc2 {B32: Sicilian: Löwenthal and Kalashnikov Variations} g6 8. Be3 Qc7 9. h3 $146 {White has an edge.} ({Predecessor:} 9. Be2 Bg7 10. Nd2 O-O 11. O-O Ng4 12. Bxg4 Bxg4 13. f3 Be6 14. Nb3 Rad8 {½-½ (23) Bukovcak,J (1925)-Petrakovic,K (1820) Slovakia 1998}) 9... Bg7 10. Bd3 Nh5 11. Qc1 e5 12. Nd2 O-O 13. Nf3 f5 14. exf5 gxf5 15. Bc4+ Kh8 16. O-O (16. Qd1 $1 $11) 16... e4 (16... b5 $5 {[%cal Rb5c4]} 17. Be2 Rg8 $11) 17. Nh2 $2 {[#]} (17. Ng5 $11 {and White has nothing to worry.} b5 18. Be2) 17... f4 $1 $19 {[%cal Rf4e3]} 18. Bd4 Bxd4 19. cxd4 {[#]} Qg7 $1 {[%mdl 512] ( -> ...Bxh3)} 20. Kh1 Qxd4 21. Bb3 (21. Qd1 $17 {might work better.} Qe5 22. Qe2) 21... Bf5 22. Bd1 Bg6 23. Ng4 Rfe8 24. Re1 {[#]} e3 $1 {[%mdl 512]} 25. fxe3 fxe3 26. Rxe3 {[#]} Rxe3 {Played: Nh5-g3} 0-1

[Event "Portugal Open 2020"]
[Site "Lisbon"]
[Date "2020.01.25"]
[Round "1.30"]
[White "Mihajlov, Sebastian"]
[Black "Fanha, Paulo"]
[Result "1/2-1/2"]
[WhiteElo "2374"]
[BlackElo "1766"]
[Annotator "NA"]
[PlyCount "67"]
[EventDate "2020.01.25"]
[EventType "swiss"]
[EventCountry "POR"]
[SourceTitle "playchess.com"]
[Source "ChessBase"]
[SourceQuality "1"]
[TimeControl "5400+30"]

1. e4 {[%emt 0:00:00]} d5 {[%emt 0:00:00]} 2. exd5 {[%emt 0:00:00]} Qxd5 {[%emt 0:00:00]} 3. Nc3 {[%emt 0:00:02]} Qd6 {[%emt 0:00:00]} 4. d4 {[%emt 0:00:06]} Nf6 {[%emt 0:00:00]} 5. Nf3 {[%emt 0:00:10]} c6 {[%emt 0:00:01]} 6. Ne5 {[%emt 0:00:44]} Bf5 {[%emt 0:02:15]} 7. Bc4 {[%emt 0:02:04]} e6 {[%emt 0:00:56]} 8. O-O {[%emt 0:02:19]} Qc7 {[%emt 0:01:42]} 9. g4 {[%emt 0:02:16]} Bg6 {[%emt 0:00:35]} 10. f4 {[%emt 0:00:29]} Bd6 {[%emt 0:08:51]} 11. Qe2 {[%emt 0:04:00]} Nbd7 {[%emt 0:03:44]} 12. f5 {[%emt 0:04:25]} Nxe5 {[%emt 0:01:22]} 13. dxe5 {[%emt 0:00:06]} Bxe5 {[%emt 0:00:13]} 14. fxg6 {[%emt 0:01:40]} hxg6 {[%emt 0:00:55]} 15. Rf2 {[%emt 0:00:40]} Bd4 {[%emt 0:05:24]} 16. Be3 {[%emt 0:00:06]} Bxe3 {[%emt 0:00:39]} 17. Qxe3 {[%emt 0:00:05]} Nxg4 {[%emt 0:00:19]} 18. Qf4 {[%emt 0:00:04]} Qxf4 {[%emt 0:00:23]} 19. Rxf4 {[%emt 0:00:04]} Ne5 {[%emt 0:01:36]} 20. Bb3 {[%emt 0:02:07]} Ke7 {[%emt 0:02:36]} 21. Re1 {[%emt 0:00:36]} Rh5 {[%emt 0:00:29]} 22. Ne4 {[%emt 0:02:28]} Rah8 {[%emt 0:07:20]} 23. Nd2 {[%emt 0:12:00]} Rxh2 {[%emt 0:04:28]} 24. Rxe5 {[%emt 0:00:15]} Rh1+ {[%emt 0:01:41]} 25. Kf2 {[%emt 0:01:00]} R8h2+ {[%emt 0:00:19]} 26. Kg3 {[%emt 0:00:38]} Rxd2 {[%emt 0:02:22]} 27. Rf2 {[%emt 0:01:26]} Rxf2 {[%emt 0:04:17]} 28. Kxf2 {[%emt 0:00:05]} Rd1 {[%emt 0:00:16]} 29. Ke2 {[%emt 0:00:40]} Rd6 {[%emt 0:00:17]} 30. c4 {[%emt 0:00:04]} Rd4 {[%emt 0:01:43]} 31. Ra5 {[%emt 0:03:18]} a6 {[%emt 0:00:27]} 32. Ke3 {[%emt 0:00:05]} Rh4 {[%emt 0:00:15]} 33. Kd3 {[%emt 0:01:07]} f6 {[%emt 0:01:16]} 34. c5 {[%emt 0:02:07]} 1/2-1/2

[Event "Portugal Open 2020"]
[Site "Lisbon"]
[Date "2020.01.25"]
[Round "1.31"]
[White "Aguiar, Carlos Alberto Branc"]
[Black "Gonzalez Trigal, Jose Luis"]
[Result "0-1"]
[WhiteElo "1764"]
[BlackElo "2369"]
[Annotator "TA"]
[PlyCount "78"]
[EventDate "2020.01.25"]
[EventType "swiss"]
[EventCountry "POR"]
[SourceTitle "playchess.com"]
[Source "ChessBase"]
[SourceQuality "1"]

{[%evp 20,108,39,-8,16,-8,8,-14,0,0,0,0,0,-17,7,11,1,0,0,0,0,0,0,-33,0,-26,0,0,6,-32,-10,-145,-110,-129,-12,-9,-16,-7,-7,-93,-18,-14,74,62,77,0,19,18,62,65,73,68,195,191,387,180,195,0,58,82,129,130,124,130,123,0,0,0,0,0,0,0,108,0,0,0,0,0,0,-40,-36,-22,-52,-12837,-12838,-12842,-12843,-12843,-12843,-12846,-12847]} 1. d4 Nf6 2. c4 e6 3. Nf3 b6 4. Nc3 Bb7 5. Bg5 d5 6. cxd5 exd5 7. e3 Be7 8. Rc1 O-O 9. Bd3 Nbd7 10. O-O c5 11. Bb1 Re8 {D55: Queen's Gambit Declined: 4 Bg5 Be7: Lines without ...h6 and 6...h6 7 Bxf6} 12. h3 Rc8 13. Ne2 $146 (13. Re1 {is interesting.} g6 14. dxc5 bxc5 15. e4 Nb6 16. exd5 Nfxd5 17. Qd2) ({Predecessor:} 13. Bf5 g6 14. Bb1 Nf8 15. Ne5 Ne6 16. Bh4 cxd4 17. exd4 Nh5 18. Bxe7 Qxe7 19. Re1 {½-½ (30) Wild,G (1970)-Storkebaum,K Bad Woerishofen 2000}) 13... Ne4 {The position is equal.} (13... g6 {feels hotter.} 14. Bc2 Ne4 15. Bxe7 Qxe7 16. Nf4 Nef6) 14. Bxe7 Qxe7 15. dxc5 bxc5 16. Bxe4 Qxe4 17. Ng3 Qe6 18. Re1 g6 19. Qa4 a6 20. Rcd1 Bc6 21. Qc2 Qe7 22. Rd2 Nf6 23. Rc1 Bb7 24. Nh2 h5 25. Ne2 (25. Qb3 $11 {keeps the balance.}) 25... Ne4 26. Rdd1 {[#]} Nxf2 (26... d4 $1 $17 {[%mdl 512]} 27. Nf4 (27. exd4 cxd4) 27... Qf6) 27. Kxf2 $11 Qxe3+ 28. Kf1 d4 {With the idea ...Rc6.} 29. Qd3 (29. Qd2 $1 $11) 29... Qg5 ({Black should play} 29... Qe5 $1 $17 {And now ...c4 would win.} 30. Nf3 Qf6 31. Nexd4 cxd4 32. Rxc8 Rxc8 33. Qxd4 Qe6) 30. Qg3 $1 {[%cal Rg3g5] [#]} (30. Nf3 Qf6 $17) 30... Qd5 (30... Bxg2+ $1 $11 {[%mdl 512] remains equal.} 31. Qxg2 (31. Kxg2 Rxe2+) 31... Qxg2+ 32. Kxg2 Rxe2+ {[%mdl 64] Double Attack} 33. Kg1 Rb8 34. Rxc5 Rbxb2) 31. Nf4 $1 $16 {[%cal Rf4d5]} Qf5 {White must now prevent ...Re4.} 32. Nf3 (32. Qf2 $16) 32... Re4 (32... Re3 $5 {[%cal Rb7f3]} 33. Kg1 h4 $11) 33. Nd3 {Strongly threatening Qg5.} Re3 {[%mdl 64] Double Attack} 34. Nde1 $1 ({Not} 34. Nf4 $2 Bxf3 35. gxf3 h4 $1 $19 {[%mdl 512]}) 34... Rce8 35. Kg1 Re2 {[#]} (35... a5 $14) 36. b4 $1 $18 {[%cal Rb4c5]} Qe6 $2 (36... Bxf3 37. Nxf3 Rc2) (36... cxb4 37. Nxd4) 37. Rxc5 (37. bxc5 $142 d3 38. Nxd3) 37... Qxa2 38. Rg5 $2 ({Don't blunder} 38. Rxd4 $2 Qa1 $19) (38. Kh2 $18) 38... Qb3 (38... d3 $1 $11) 39. Rd3 (39. Rxd4 $5 {[%cal Rg5g6]} Rxe1+ 40. Nxe1 Qxg3 41. Rxg3 Rxe1+ 42. Kf2 $16) 39... Qxb4 {Played: Re2xe1} 0-1

[Event "Portugal Open 2020"]
[Site "Lisbon"]
[Date "2020.01.25"]
[Round "1.32"]
[White "Sabuk, Piotr"]
[Black "Zilles, Paul"]
[Result "1-0"]
[WhiteElo "2360"]
[BlackElo "1761"]
[Annotator "TA"]
[PlyCount "51"]
[EventDate "2020.01.25"]
[EventType "swiss"]
[EventCountry "POR"]
[SourceTitle "playchess.com"]
[Source "ChessBase"]
[SourceQuality "1"]

{[%evp 10,51,24,45,43,-24,-8,-17,65,81,100,125,124,122,134,139,143,137,168,185,165,168,204,202,241,229,246,220,233,227,249,222,222,208,187,140,329,329,526,524,516,516,708,699]} 1. d4 d5 2. c4 e5 3. dxe5 d4 4. a3 Nc6 5. e3 Nge7 6. Nf3 Bg4 {D07: Queen's Gambit: Chigorin Defence} (6... Nf5 7. exd4 Nfxd4 8. Nxd4 Qxd4 9. Nc3 Be6 10. Be3 Qxe5 11. Be2 Rd8 12. Qa4 a6 13. O-O Bd6 14. g3 {1-0 (42) Bocharov,D (2611)-Morozevich,A (2683) Sochi 2016}) 7. h3 (7. Qb3 $14) 7... Bxf3 $1 $11 8. Qxf3 dxe3 $146 (8... Nxe5 $11 9. Qe4 N7c6) ({Predecessor:} 8... Ng6 9. b4 Be7 10. Qd5 O-O 11. b5 Na5 12. exd4 Nb3 13. Bb2 Qxd5 14. cxd5 Nxa1 15. Bxa1 {1-0 (41) Rombaldoni,D (2482)-Bontempi,P (2367) Arvier 2010}) 9. Bxe3 $14 Ng6 10. Nc3 Ngxe5 11. Qe4 $40 {[%mdl 128] White wants a kill.} Be7 12. Rd1 Qc8 13. Nd5 f5 14. Qc2 O-O 15. Be2 Bf6 16. O-O Rf7 17. Rfe1 Ne7 18. Bh5 N5g6 19. Nxf6+ Rxf6 20. Bd4 Re6 21. Qc3 Rxe1+ 22. Qxe1 b6 $2 (22... Nc6 $16 {is a better defense.} 23. Bc3 Qe8) 23. Bc3 $18 c5 (23... a5 $142 24. Bf3 c6) 24. Bf3 {White is clearly winning.} Rb8 {[#]} 25. h4 $1 {[%mdl 512]} Qf8 (25... Nxh4 26. Qxe7) 26. Rd7 {Accuracy: White = 87%, Black = 28%.} 1-0